| 000 | 01187cam a22003614a 4500 | ||
|---|---|---|---|
| 001 | 12255022 | ||
| 003 | OSt | ||
| 005 | 20140310184244.0 | ||
| 008 | 001212s2001 nyua c bkq 001 0beng | ||
| 010 | _a 00068780 | ||
| 020 | _a0439528119 | ||
| 040 |
_aDLC _cDLC |
||
| 042 |
_apcc _alcac |
||
| 043 | _an-us--- | ||
| 050 | 0 | 0 |
_aML 3930.P73 _b.D45 2003 |
| 100 | 1 |
_aDenenberg, Barry. _917264 |
|
| 245 | 1 | 0 |
_aAll shook up! : _bthe life and death of Elvis Presley / _cBarry Denenberg. |
| 250 | _a1st ed. | ||
| 260 |
_aNew York : _bScholastic Press, _c2003. |
||
| 300 |
_a76 p. : _bill. ; _c24 cm. |
||
| 521 | _aG8 | ||
| 526 | _c990 | ||
| 600 | 1 | 0 |
_aPresley, Elvis, _d1935-1977 _vJuvenile literature. _924544 |
| 650 | 0 |
_aRock musicians _zUnited States _vBiography _vJuvenile literature. _924546 |
|
| 650 | 1 |
_aSingers. _924547 |
|
| 650 | 1 |
_aRock music. _922073 |
|
| 906 |
_a7 _bcbc _corignew _d1 _eocip _f20 _gy-gencatlg |
||
| 942 |
_2lcc _cBK-SCHOLAS |
||
| 999 |
_c33299 _d33299 |
||